Autobiographical occasions and original acts: versions of America identify from Henry Adams to Nate Shaw (Record no. 41545)
[ view plain ]
| 000 -LEADER | |
|---|---|
| fixed length control field | 00450nam a2200145Ia 4500 |
| 008 - FIXED-LENGTH DATA ELEMENTS--GENERAL INFORMATION | |
| fixed length control field | 230917s9999||||xx |||||||||||||| ||und|| |
| 040 ## - CATALOGING SOURCE | |
| -- | 40508 |
| Original cataloging agency | VIVEKANANDA LIBRARY |
| 041 ## - Language | |
| -- | English |
| 082 ## - DDC NUMBER | |
| Classification number | 810.9 S72A |
| 100 ## - MAIN ENTRY--PERSONAL NAME | |
| Personal name | Stone, Albert E |
| 245 #0 - TITLE STATEMENT | |
| Title | Autobiographical occasions and original acts: versions of America identify from Henry Adams to Nate Shaw |
| 260 ## - PUBLICATION, DISTRIBUTION, ETC. (IMPRINT) | |
| Place of publication, distribution, etc | Philadelphia |
| Name of publisher, distributor, etc | University of Pennsylvania |
| Date of publication, distribution, etc | 1982 |
| 300 ## - PHYSICAL DESCRIPTION | |
| Pages | xvi, 349 p. |
| 942 ## - ADDED ENTRY ELEMENTS (KOHA) | |
| Koha item type | Books |
| Withdrawn status | Lost status | Damaged status | Not for loan | Location (home branch) | Sublocation or collection (holding branch) | Date acquired | Koha issues (times borrowed) | Koha full call number | Accession No. | Koha date last seen | Koha item type |
|---|---|---|---|---|---|---|---|---|---|---|---|
| VIVEKANANDA LIBRARY | VIVEKANANDA LIBRARY | 07/11/2002 | 810.9 S72A | 107651 | 17/09/2023 | Books |
